| 000 | 01564nam a2200301 4500 | ||
|---|---|---|---|
| 003 | EC-UNACH | ||
| 005 | 20251105150336.0 | ||
| 006 | s||||gr|||| 00| 00 | ||
| 008 | 150116t9999 mx r gr 000 0 spa d | ||
| 020 | _a978-84-481-6694-6 | ||
| 040 |
_aEC-UNACH _cEC-UNACH |
||
| 041 | _aspa | ||
| 082 | 0 | 4 |
_223 _a657 _bL017951 |
| 110 | _aMc Graw Hill | ||
| 245 | _aIntroducción a la Auditoria Financiera | ||
| 250 | _aPrimera edición | ||
| 264 |
_aEspaña _bMc Graw Hill _c2008 |
||
| 300 | _a356 | ||
| 505 | _a1. La función de la auditoría en la sociedad. Evolución histórica, concepto y clases de auditoría.-- 2. El actual marco jurídico y profesional de la auditoría.-- 3. La evaluación de la evidencia: el informe de auditoría.-- 4. Proceso y desarrollo de una auditoría de cuentas anuales.-- 5. Proceso y desarrollo de una auditoría de cuentas por ordenador.-- 6. Auditoría del ciclo contable 6. -Auditoría del ciclo de inversión.-- 7. Auditoría del ciclo de financiación.-- 8. Auditoría del ciclo de conversión (existencias).-- 9. Auditoría del ciclo de ingresos y cuentas a cobrar.-- 10. Auditoría del ciclo de gastos y cuentas a pagar.-- 11. Auditoría de la tesorería.-- 12. Auditoría fiscal. | ||
| 650 | _aAUDITORIA EN LA SOCIEDAD | ||
| 650 | _aNORMAS INTERNACIONALES DE AUDITORIA | ||
| 650 | _aSISTEMAS EXPERTOS EN AUDITORIA | ||
| 700 | _aPablo Arenas Torres / Alonso Moreno Aguayo | ||
| 942 |
_2ddc _c1 |
||
| 999 | _c14142 | ||